Filozofia v islamskom svete

Rozhovor s profesorom Petrom Adamsonom, ktorý je od roku 2012 profesorom pre neskorú antickú a arabskú filozofiu na Ludwig-Maxmilien Universität v Mníchove a spolu s profesormi Christofom Rappom a Oliverom Primavesim riaditeľom Munich School of Ancient Philosophy.

Gespeichert in:
Bibliographische Detailangaben
1. Verfasser: Mičaninová, Mária
Weitere Verfasser: Brenišin, Juraj, Adamson, Peter
Format: Buchkapitel
Sprache:Slowakisch
Schlagworte:
Tags: Tag hinzufügen
Keine Tags, Fügen Sie das erste Tag hinzu!

MARC

LEADER 00000naa a2200000 4500
001 0227472
005 20170223100013.7
041 0 |a slo 
044 |a SK 
245 1 0 |a Filozofia v islamskom svete  |c Mária Mičaninová, Juraj Brenišin, Peter Adamson 
520 |a Rozhovor s profesorom Petrom Adamsonom, ktorý je od roku 2012 profesorom pre neskorú antickú a arabskú filozofiu na Ludwig-Maxmilien Universität v Mníchove a spolu s profesormi Christofom Rappom a Oliverom Primavesim riaditeľom Munich School of Ancient Philosophy. 
610 2 0 |a rozhovor 
610 2 0 |a filozofia 
610 2 0 |a filozofi 
610 2 0 |a smery filozofické 
610 2 0 |a svetonázor 
610 2 0 |a metódy poznania 
610 2 0 |a teológia 
610 2 0 |a islam 
100 1 |a Mičaninová, Mária 
700 1 |a Brenišin, Juraj 
700 1 |a Adamson, Peter